| 000 | 00975nam a22002657a 4500 | ||
|---|---|---|---|
| 001 | 5129 | ||
| 003 | FISKH | ||
| 005 | 20250828145024.0 | ||
| 008 | 241107b cb ||||| |||| 00| 0 eng d | ||
| 020 | _a9780545522687 | ||
| 040 |
_aFISKH _beng _cFISKH _dFISKH |
||
| 050 | _aPZ7.G88418 | ||
| 082 | _a372.8 | ||
| 100 |
_aGrigsby, Susan _d(1978-2019) |
||
| 245 |
_aIn the garden with Dr. Carver / _cSusan Grigsby Pictures by Nicole Tadgell |
||
| 250 | _aPublished in 2010 | ||
| 260 |
_aNew York : _bScholastic, _c2010. |
||
| 300 |
_a31 pages : _bColor illustrations ; _c22 cm |
||
| 520 | _aA fictionalized account of how plant scientist George Washington Carver came to an Alabama school and taught the children how to grow plants and reap the rewards of nature's bounty. Includes factual note about George Washington Carver. | ||
| 650 |
_2Biography _aPlants |
||
| 650 |
_2Science _aGardens |
||
| 700 |
_aTadgell, Nicole _dIllustrator |
||
| 942 |
_2ddc _cBK _n0 |
||
| 999 |
_c5129 _d5129 |
||